000
00201nam a2200109Ia 4500
100
_a
#N/A
942
_c
BK
654
_a
aol
245
_a
Unlimited AOL free
260
_b
#N/A
_c
2004
546
_a
ENGLISH
999
_c
33895
_d
33895